Karpatské bukové pralesy – pripomeňme si ich 10. výročie zápisu do Zoznamu svetového dedičstva

Podrobná bibliografia
Hlavný autor: Buraľová, Iveta (Author)
Ďalší autori: Pavlečák, L. (Photographer)
Médium: Článok
Jazyk:Slovak
Témy:
On-line prístup:http://www.sopsr.sk/publikacie/chus/chus_88_nahlad.pdf
Zdroj: 1. Chránené územia Slovenska 1. Č. 88 (2017), s. 67-70 1. 1335-1737
LEADER 01152nab#a2200385#ar4500
001 000126021
003 SVKKK
005 20190321103427.0
008 13082622017 xo |||||||||||||||b|slo
FMT
015 |a SNBRB2019/03 
038 |a SVKKK 
040 |a SVKKK  |b slo  |e AACR2 
041 0 |a slo 
044 |a xo  |c SK 
080 |a 581.526.425  |x (437.6)  |2 2011 
080 |a 502  |x (437.6)  |2 2011 
100 1 |a Buraľová, Iveta  |4 aut  |4 pht 
245 1 0 |a Karpatské bukové pralesy – pripomeňme si ich 10. výročie zápisu do Zoznamu svetového dedičstva  |c Iveta Buraľová ; L. Pavlečák 
300 |b Fotogr. 
650 0 4 |a bukové prales  |x hmotné prírodné dedičstvo  |z východné Slovensko 
650 0 4 |a pralesy 
650 0 4 |a ochrana prírody 
651 4 |a Karpatské bukové pralesy (Slovensko : prírodná rezervácia) 
700 1 |a Pavlečák, L.  |4 pht 
773 0 |t Chránené územia Slovenska  |g Č. 88 (2017), s. 67-70  |x 1335-1737 
974 |a MI 
992 |a RBX 
BAS
BAS
852 |a SVKKK  |b BIB 
856 4 1 |u http://www.sopsr.sk/publikacie/chus/chus_88_nahlad.pdf 
EXP
998 |a SLO 
998 |a SLO